Notre-Dame of Paris

Gardado en:
Detalles Bibliográficos
Autor Principal: Temko, Allan (Author)
Formato: Libro
Idioma:inglés
Publicado: Nueva York Time 1962
Subjects:
Tags: Engadir etiqueta
Sen Etiquetas, Sexa o primeiro en etiquetar este rexistro!

MARC

LEADER 00000nam a2200000 a 4500
001 UCP9844
003 CL-VaPUC
008 000407e19620000US |||||||||||||||||eng|d
082 0 4 |a 726.64  |b TEM  |2 21 
100 0 |a Temko, Allan  |e author  |9 440719 
245 1 0 |a Notre-Dame of Paris 
300 |a 343 p 
942 |c BK 
945 |d 20000407 00:00:00  |a crobeson 
260 |a Nueva York  |b Time  |c 1962 
500 |a Incluye láminas 
650 7 |a CATEDRALES  |2 CL-VaPUC  |9 267660 
650 0 |a Arquitectura francesa   |9 345070 
583 |a last modification  |c 20000407 00:00:00  |k Rodrigo Vera 
999 |c 286625  |d 286623 
952 |0 0  |1 0  |4 0  |6 726_640000000000000_TEM_1962  |7 0  |8 A  |9 332662  |a BIBHIS  |b BIBHIS  |d 2019-11-20  |i 1398601  |o 726.64 TEM 1962  |p 1398601  |r 2025-01-20  |w 2019-11-20  |y BK  |k HIS